| 000 | 00634nam a2200193Ia 4500 | ||
|---|---|---|---|
| 003 | GCL | ||
| 008 | 140319s9999 xx 000 0 ara d | ||
| 020 | _a2035384977 | ||
| 040 |
_aGCL / _cGCL |
||
| 082 | 0 | 4 |
_a371.392 _bم ت |
| 100 | 1 | _aمونتيسورى، ماريا | |
| 245 | 1 | 0 |
_aالتعليم من اجل السلام / _cمونتيسورى، ماريا |
| 250 | _aالاولى | ||
| 260 |
_aالقاهرة : _bمكتبة دار الكلمة ، _c2005 |
||
| 300 |
_a134 ص ؛ _c20 سم |
||
| 650 | 0 | 4 | _aالتعليم من اجل السلام |
| 650 | 0 | 4 | _aالتعليم - طريقة مونتيسورى |
| 942 |
_2ddc _cBK |
||
| 999 |
_c34836 _d34836 |
||